000 01002nam a22002537a 4500
005 20170124103019.0
010 _aB-073590
020 _c100.00
035 _aB-073590
037 _bCen Lib/Ret
040 _aDPL
_bHN
082 _a821.08
_bरमेश
100 _aरमेश रंजक
_960033
245 _aनए गीत का उदभव और विकास /
_cरमेश रंजक
246 _aNae geet ka udbhav aur vikas
_bby Ramesh Ranjak
260 _aनई दिल्ली
_bपुस्तकायन
_c2002
270 _a2/4240 ए-अंसारी रोड
_bनई दिल्ली
_e110002
300 _a136पृष्ठ.
_c21सेमी(सजिल्द)
650 _aहिंदी साहित्य
_960034
650 _aनवगीत में छायावाद
_9258
650 _aHindi literature
_960035
650 _aIn Nvgeet Chhayavaad
_960036
942 _2ddc
_cHN
_h821.08
_mरमेश
999 _c115133
_d115133